Desarrollo de nuevos productos y empresas: creatividad, innovación y marketing. Cómo generar, desarrollar e introducir con éxito nuevos productos, servicios o empresas
Gespeichert in:
| 1. Verfasser: | |
|---|---|
| Format: | Buch |
| Sprache: | Spanisch |
| Veröffentlicht: |
Bogotá
McGraw-Hill
2009
|
| Ausgabe: | 5a. ed |
| Schlagworte: | |
| Tags: |
Tag hinzufügen
Keine Tags, Fügen Sie den ersten Tag hinzu!
|
MARC
| LEADER | 00000cam a2200000 a 4500 | ||
|---|---|---|---|
| 001 | UCF6291 | ||
| 003 | CL-VaPUC | ||
| 005 | 20231215172203.0 | ||
| 008 | 130418e20090000CK |||||||||||||||||spa|d | ||
| 999 | |c 351560 |d 351558 | ||
| 020 | |a 9789584103949 | ||
| 040 | |c Pontificia Universidad Católica de Valparaíso | ||
| 082 | 0 | 4 | |a 658.5 |b SCH |2 21 |
| 100 | 0 | |a Schnarch Kirberg, Alejandro |e author |9 568296 | |
| 245 | 1 | 0 | |a Desarrollo de nuevos productos y empresas: creatividad, innovación y marketing. Cómo generar, desarrollar e introducir con éxito nuevos productos, servicios o empresas |
| 250 | |a 5a. ed | ||
| 260 | |a Bogotá |b McGraw-Hill |c 2009 | ||
| 300 | |a 409 p | ||
| 583 | |a last modification |c 20130418 10:21:00 |k Rodrigo Vera | ||
| 650 | 0 | |a Calidad total |9 259929 | |
| 650 | 0 | |a Innovaciones tecnológicas |9 259728 | |
| 650 | 0 | |a Marketing |9 886555 |x Planificación | |
| 650 | 0 | |a Creatividad |9 310816 | |
| 942 | |c BK |2 ddc | ||
| 945 | |d 20130418 00:00:00 |a dcastane | ||
| 952 | |0 0 |1 0 |4 0 |6 658_500000000000000_SCH_2009 |7 0 |8 R |9 455742 |a BIBENE |b BIBENE |d 2019-11-22 |i 4963822 |o 658.5 SCH 2009 |p 4963822 |r 2025-01-15 |w 2019-11-22 |y BK_R |k ICO | ||
| 952 | |0 0 |1 0 |4 0 |6 658_500000000000000_SCH_2009 |7 0 |8 R |9 455743 |a BIBENE |b BIBENE |d 2019-11-22 |i 4963830 |o 658.5 SCH 2009 |p 4963830 |r 2025-01-15 |w 2019-11-22 |y BK_R |k ICO | ||